[Event "13th EICC"]
[Site "Plovdiv BUL"]
[Date "2012.03.20"]
[Round "1.61"]
[White "Goumas, Georgios"]
[Black "Istratescu, Andrei"]
[Result "1/2-1/2"]
[BlackTitle "GM"]
[WhiteElo "2398"]
[BlackElo "2633"]
[WhiteFideId "4208935"]
[BlackFideId "1200372"]
[EventDate "2012.03.20"]
[EventType "swiss"]

1. e4 c5 2. Nf3 d6 3. d4 cxd4 4. Nxd4 Nf6 5. Nc3 a6 6. Bg5 Nbd7 7. f4 e6 8. Qe2
Qc7 9. O-O-O Be7 10. g4 b5 11. Bg2 b4 12. Nd5 exd5 13. Nf5 Nb6 14. Nxg7+ Kf8 15.
Bh6 Kg8 16. Rhg1 Bf8 17. g5 Ng4 18. Nf5 Bxf5 19. exf5 Rc8 20. Kb1 Nxh6 21. gxh6
Bxh6 22. Qh5 Qxc2+ 23. Ka1 Bg7 24. f6 Qg6 25. Qxg6 hxg6 26. fxg7 Rxh2 27. f5
Kxg7 28. fxg6 fxg6 29. Bxd5 Nxd5 30. Rxd5 Rg2 31. Rgd1 Rc6 32. R5d4 a5 33. Rd5
Rcc2 34. Rxa5 Rxb2 35. Rxd6 Rbd2 36. Rxd2 Rxd2 37. Ra4 Rd4 38. Kb1 g5 39. a3 g4
40. axb4 g3 41. Kc2 Kh6 42. Kb3 Kg5 43. Ra1 Kf4 44. Ka4 Rd8 45. Rf1+ Ke3 46. b5
g2 47. Rg1 Kf2 48. Rxg2+ Kxg2 49. b6 Kf3 50. Kb5 Ke4 51. Kc6 Rc8+ 52. Kd7 Rb8
53. Kc7 Rxb6 54. Kxb6 1/2-1/2

[Event "13th EICC"]
[Site "Plovdiv BUL"]
[Date "2012.03.20"]
[Round "1.63"]
[White "Kanter, Eduard"]
[Black "Matlakov, Maxim"]
[Result "1/2-1/2"]
[WhiteTitle "IM"]
[BlackTitle "GM"]
[WhiteElo "2394"]
[BlackElo "2632"]
[WhiteFideId "4103963"]
[BlackFideId "4168003"]
[EventDate "2012.03.20"]
[EventType "swiss"]

1. d4 Nf6 2. c4 e6 3. Nf3 d5 4. g3 Bb4+ 5. Nc3 dxc4 6. Bg2 O-O 7. O-O Nc6 8. a3
Be7 9. e4 Na5 10. Be3 Nb3 11. Rb1 c5 12. dxc5 Bxc5 13. Bxc5 Nxc5 14. Ne5 b6 15.
Qxd8 Rxd8 16. Nc6 Rd7 17. Ne5 Rd8 18. Nc6 Re8 19. e5 Nd5 20. Nxd5 exd5 21. Bxd5
Bb7 22. f4 a5 23. Bg2 Rac8 24. Na7 Rcd8 25. Bxb7 Nxb7 26. Rbc1 f6 27. Rxc4 Rd2
28. Rf2 Rxf2 29. Kxf2 fxe5 30. Rc8 Rxc8 31. Nxc8 exf4 32. Nxb6 fxg3+ 33. Kxg3
Kf7 34. b4 axb4 35. axb4 Ke6 36. Kf4 Nd6 37. h4 g6 38. h5 gxh5 39. Kg5 Ne4+ 40.
Kxh5 Nc3 41. Kh6 1/2-1/2

[Event "13th EICC"]
[Site "Plovdiv BUL"]
[Date "2012.03.20"]
[Round "1.64"]
[White "Erdos, Viktor"]
[Black "Nedilko, Vasily"]
[Result "1-0"]
[WhiteTitle "GM"]
[BlackTitle "IM"]
[WhiteElo "2631"]
[BlackElo "2392"]
[WhiteFideId "719978"]
[BlackFideId "14101459"]
[EventDate "2012.03.20"]
[EventType "swiss"]

1. c4 e5 2. g3 Nf6 3. Bg2 Nc6 4. Nc3 Bc5 5. Nf3 d6 6. O-O O-O 7. d3 h6 8. a3 a6
9. b4 Ba7 10. Bb2 Re8 11. Rc1 Nd4 12. Nd2 c6 13. e3 Ne6 14. Nce4 Nxe4 15. dxe4
Ng5 16. Qe2 Bh3 17. Bxh3 Nxh3+ 18. Kg2 Ng5 19. h4 Nh7 20. f4 Nf6 21. c5 dxc5 22.
fxe5 Nd7 23. Nc4 Bb8 24. Rcd1 b5 25. Qh5 Qe7 26. Rxd7 Qxd7 27. Nb6 Qe7 28. Nxa8
Rf8 29. Nb6 cxb4 30. axb4 Qxb4 31. Bd4 Qe7 32. Qg4 h5 33. Qxh5 Bc7 34. Qg4 Bxb6
35. Bxb6 c5 36. e6 fxe6 37. Rxf8+ Kxf8 38. Qh5 Kg8 39. Bxc5 Qb7 1-0

[Event "13th EICC"]
[Site "Plovdiv BUL"]
[Date "2012.03.20"]
[Round "1.67"]
[White "Popilski, Gil"]
[Black "Melkumyan, Hrant"]
[Result "0-1"]
[WhiteTitle "IM"]
[BlackTitle "GM"]
[WhiteElo "2389"]
[BlackElo "2628"]
[WhiteFideId "2809060"]
[BlackFideId "13302485"]
[EventDate "2012.03.20"]
[EventType "swiss"]

1. e4 e5 2. Nf3 Nc6 3. Bb5 a6 4. Ba4 Nf6 5. O-O Be7 6. Re1 b5 7. Bb3 O-O 8. h3
Bb7 9. d3 d6 10. a3 Nb8 11. Nbd2 Nbd7 12. Nf1 Re8 13. Ng3 h6 14. Nh2 Nc5 15. Ba2
Bf8 16. f4 exf4 17. Bxf4 Ne6 18. Bd2 g6 19. Rf1 Bg7 20. Ng4 Nxg4 21. Qxg4 d5 22.
Rae1 Qd7 23. Bc3 h5 24. Qf3 Nd4 25. Qf2 c5 26. Ne2 Nxe2+ 27. Rxe2 Bxc3 28. bxc3
c4 29. e5 Bc8 30. Qg3 Ra7 31. Qg5 Re6 32. Rf6 Qe8 33. Rxe6 Bxe6 34. Rf2 Qf8 35.
Qc1 Kh7 36. Rf3 Qh6 37. Qe1 Re7 38. Qh4 Re8 39. Qf2 Kg8 40. Qe1 h4 41. Qe3 Qxe3+
42. Rxe3 Bf5 43. Kf2 Kg7 44. Re1 g5 45. a4 Bd7 46. a5 Kg6 47. Re3 Re7 48. Bb1
Kf5 49. d4 Kg6 50. Rf3 f5 51. exf6 Rf7 52. g4 hxg3+ 53. Kxg3 Rxf6 54. Rxf6+ Kxf6
55. h4 g4 56. Kf4 Kg6 0-1

[Event "13th EICC"]
[Site "Plovdiv BUL"]
[Date "2012.03.20"]
[Round "1.68"]
[White "Vuckovic, Bojan"]
[Black "Schroll, Gerhard"]
[Result "1-0"]
[WhiteTitle "GM"]
[BlackTitle "IM"]
[WhiteElo "2628"]
[BlackElo "2388"]
[WhiteFideId "922277"]
[BlackFideId "1600907"]
[EventDate "2012.03.20"]
[EventType "swiss"]

1. e4 Nf6 2. e5 Nd5 3. d4 d6 4. Nf3 dxe5 5. Nxe5 c6 6. Bd3 Nd7 7. Nxd7 Bxd7 8.
O-O g6 9. Re1 Bg7 10. c3 O-O 11. Nd2 Re8 12. Nf3 Bg4 13. Bg5 Qc7 14. h3 Bxf3 15.
Qxf3 e5 16. dxe5 Rxe5 17. Rxe5 Qxe5 18. Bd2 Re8 19. Re1 Qb8 20. Rxe8+ Qxe8 21.
g3 h5 22. Bf1 Kh7 23. Bd3 Kg8 24. h4 Qe6 25. Bf1 Kh7 26. Qd3 Nf6 27. Qc4 Nd5 28.
a4 a6 29. a5 Bf6 30. Bg2 Kg7 31. Qd3 Qe5 32. Bh3 Ne7 33. Qd7 Qxa5 34. Qxb7 Qb5
35. Qxb5 axb5 36. Kf1 Be5 37. Ke2 f5 38. Bg2 Kf7 39. Kd3 Ke6 40. b3 Nd5 41. c4
bxc4+ 42. Kxc4 Ne7 43. Kc5 Bd6+ 44. Kb6 Kd7 45. Be3 Bb4 46. Kb7 Kd6 47. Bf4+ Kd7
48. Bf1 Nd5 49. Be5 Bc5 50. f3 Ne3 51. Bd3 Ke6 52. Kxc6 Kxe5 53. Kxc5 f4 54.
gxf4+ Kxf4 55. Bxg6 Kxf3 56. Bxh5+ Kg3 57. b4 Kxh4 58. b5 1-0

[Event "13th EICC"]
[Site "Plovdiv BUL"]
[Date "2012.03.20"]
[Round "1.70"]
[White "Khairullin, Ildar"]
[Black "Petrisor, Adrian-Marian"]
[Result "1-0"]
[WhiteTitle "GM"]
[BlackTitle "FM"]
[WhiteElo "2626"]
[BlackElo "2383"]
[WhiteFideId "4151348"]
[BlackFideId "1213741"]
[EventDate "2012.03.20"]
[EventType "swiss"]

1. d4 Nf6 2. c4 c5 3. d5 e6 4. Nf3 d6 5. Nc3 exd5 6. cxd5 g6 7. Nd2 Bg7 8. e4
O-O 9. Be2 Re8 10. O-O Na6 11. Re1 Nc7 12. a4 b6 13. Qc2 Ng4 14. Bxg4 Bxg4 15.
Nc4 Qf6 16. Be3 g5 17. f3 Bd7 18. Qf2 b5 19. axb5 Bxb5 20. Nxb5 Nxb5 21. Ra6 g4
22. Bxc5 gxf3 23. Nxd6 Nxd6 24. Rxd6 Qxb2 25. Qxf3 Bf8 26. Qg3+ Kh8 27. Qd3 Bg7
28. Rd7 Rac8 29. Rb1 Qa2 30. Rxa7 Qxb1+ 31. Qxb1 Rxc5 32. g3 Rec8 33. Kg2 Rc2+
34. Kh3 1-0

[Event "13th EICC"]
[Site "Plovdiv BUL"]
[Date "2012.03.20"]
[Round "1.71"]
[White "Janev, Tihomir"]
[Black "Mchedlishvili, Mikheil"]
[Result "0-1"]
[WhiteTitle "FM"]
[BlackTitle "GM"]
[WhiteElo "2382"]
[BlackElo "2626"]
[WhiteFideId "2910110"]
[BlackFideId "13600966"]
[EventDate "2012.03.20"]
[EventType "swiss"]

1. d4 Nf6 2. c4 e6 3. Nf3 d5 4. g3 Bb4+ 5. Bd2 Be7 6. Nc3 O-O 7. Bg2 dxc4 8. Bf4
Nc6 9. O-O a6 10. a4 Nd5 11. Ne5 Nxf4 12. Nxc6 Nxe2+ 13. Qxe2 bxc6 14. Rfd1 Rb8
15. Bxc6 Qd6 16. d5 e5 17. Rd2 Qh6 18. Rad1 Bd6 19. Ne4 f5 20. Nxd6 cxd6 21. f3
f4 22. g4 Rb3 23. Rf1 Re3 24. Qxc4 e4 25. Rdf2 exf3 26. Rxf3 Rxf3 27. Rxf3 Bxg4
28. Rf2 Qg6 29. Kh1 Bh3 0-1

[Event "13th EICC"]
[Site "Plovdiv BUL"]
[Date "2012.03.20"]
[Round "1.72"]
[White "Mamedov, Rauf"]
[Black "Manea, Alexandru"]
[Result "1-0"]
[WhiteTitle "GM"]
[BlackTitle "IM"]
[WhiteElo "2624"]
[BlackElo "2381"]
[WhiteFideId "13401653"]
[BlackFideId "1207660"]
[EventDate "2012.03.20"]
[EventType "swiss"]

1. c4 Nf6 2. Nc3 c6 3. e4 d5 4. cxd5 cxd5 5. e5 Nfd7 6. d4 e6 7. f4 Qh4+ 8. g3
Qd8 9. Nf3 g6 10. Bd3 a6 11. h4 Nc6 12. h5 Rg8 13. hxg6 hxg6 14. Be3 b5 15. Rc1
Qb6 16. Kf2 Bb7 17. Ne2 Na5 18. b3 Nc6 19. Bb1 Ba3 20. Rc2 Be7 21. g4 O-O-O 22.
Rh7 Rdf8 23. f5 gxf5 24. gxf5 exf5 25. Nf4 Kb8 26. Re2 Ndxe5 27. dxe5 d4 28.
Nxd4 Nxe5 29. Bxf5 Qf6 30. Kf1 Rg5 31. Qc2 Rfg8 32. Reh2 Ng4 33. Bxg4 Rxg4 34.
Qf5 Qxf5 35. Nxf5 Bg5 36. Nh6 Bxf4 37. Nxg4 Rxg4 38. Bxf4+ Rxf4+ 39. Rf2 Rxf2+
40. Kxf2 Bd5 41. Ke3 Kc7 42. Kd4 Kc6 43. Rh2 Be6 44. Rc2+ Kb6 45. b4 a5 46. a3
axb4 47. axb4 Bc4 48. Rh2 Kc6 49. Rh6+ Be6 50. Rh5 Bc4 51. Ke5 Be6 52. Kf6 Bc4
53. Rg5 Kd6 54. Rc5 Kd7 55. Ke5 Bf1 56. Rd5+ Kc7 57. Kf6 Bc4 58. Rd2 Be6 59. Rd1
Bc4 60. Rd4 Be6 61. Ke5 Bc4 62. Rd6 Kb7 63. Rh6 Be6 64. Rh5 Kc6 65. Rg5 Bc4 66.
Kd4 Kb6 67. Rh5 Kc6 68. Rh8 Kb7 69. Re8 Be6 70. Kc5 Bc4 71. Re7+ Kc8 72. Kd6 Kd8
73. Rb7 Kc8 74. Ra7 f5 75. Rc7+ Kb8 76. Rc5 Kb7 77. Rxf5 Kb6 78. Rf8 Kb7 79. Re8
Bf1 80. Kc5 Bc4 81. Re7+ Kc8 82. Kc6 Kd8 83. Rc7 Bf1 84. Kb6 1-0

[Event "13th EICC"]
[Site "Plovdiv BUL"]
[Date "2012.03.20"]
[Round "1.73"]
[White "Novkovic, Milan"]
[Black "Volkov, Sergey"]
[Result "1/2-1/2"]
[WhiteTitle "IM"]
[BlackTitle "GM"]
[WhiteElo "2381"]
[BlackElo "2623"]
[WhiteFideId "1613103"]
[BlackFideId "4122763"]
[EventDate "2012.03.20"]
[EventType "swiss"]

1. d4 d5 2. c4 c6 3. Nf3 Nf6 4. e3 Bf5 5. Nc3 e6 6. Nh4 Bg6 7. Be2 Nbd7 8. O-O
Bd6 9. g3 a6 10. Nxg6 hxg6 11. Bd2 dxc4 12. Bxc4 c5 13. dxc5 Nxc5 14. Be2 Rc8
15. Bf3 Rc7 16. Qe2 O-O 17. Rfc1 Qe7 18. Be1 Rfc8 19. Rc2 b5 20. Rac1 b4 21. Nd1
a5 22. b3 Be5 23. Qb5 Nce4 24. Rxc7 Rxc7 25. Qb8+ Kh7 26. Rxc7 Bxc7 27. Qb7 Nc5
28. Qb5 Nfe4 29. Qc4 f5 30. Nb2 Be5 31. Nd3 Bf6 32. Be2 Nxd3 33. Bxd3 Qc5 34.
Qxc5 Nxc5 1/2-1/2

[Event "13th EICC"]
[Site "Plovdiv BUL"]
[Date "2012.03.20"]
[Round "1.74"]
[White "Delchev, Aleksander"]
[Black "Pantev, Veselin"]
[Result "1/2-1/2"]
[WhiteTitle "GM"]
[BlackTitle "FM"]
[WhiteElo "2622"]
[BlackElo "2379"]
[WhiteFideId "2900394"]
[BlackFideId "2901390"]
[EventDate "2012.03.20"]
[EventType "swiss"]

1. d4 Nf6 2. c4 e6 3. g3 Bb4+ 4. Bd2 c5 5. Bxb4 cxb4 6. Bg2 O-O 7. e4 d6 8. Ne2
Qc7 9. b3 e5 10. a3 bxa3 11. O-O Bg4 12. f3 Bd7 13. Nxa3 Nc6 14. Nb5 Qb6 15.
Nxd6 Nxd4 16. Nxd4 Qxd6 17. Ne2 Qb4 18. Nc1 b5 19. Nd3 Qc3 20. Rc1 Qd4+ 21. Nf2
Qc5 22. cxb5 Qxb5 23. Re1 Be6 24. Re3 Rfd8 25. Qe1 Rdc8 26. Bf1 Rxc1 27. Qxc1
Qb6 28. Rc3 h6 29. Qa3 Rd8 30. Qc5 Qxc5 31. Rxc5 Bxb3 32. Rxe5 Rd2 33. Rb5 Be6
34. Nd3 Bc4 35. Rb8+ Kh7 36. Ne5 Be6 37. Ra8 Ra2 38. Nc6 Rc2 39. Nd4 Ra2 40. Nc6
Rc2 41. Nd4 Ra2 42. Nxe6 fxe6 43. Bc4 Ra1+ 44. Kg2 e5 45. f4 Ra4 46. Bb3 Ra5 47.
fxe5 Rxe5 48. Rxa7 Nxe4 49. Bc2 Kg8 50. Ra8+ Kf7 51. Bb3+ Ke7 52. Rg8 Rg5 1/2-1/2

[Event "13th EICC"]
[Site "Plovdiv BUL"]
[Date "2012.03.20"]
[Round "1.75"]
[White "Nestorovic, Lazar"]
[Black "Salgado Lopez, Ivan"]
[Result "0-1"]
[WhiteTitle "IM"]
[BlackTitle "GM"]
[WhiteElo "2374"]
[BlackElo "2621"]
[WhiteFideId "937517"]
[BlackFideId "2257327"]
[EventDate "2012.03.20"]
[EventType "swiss"]

1. e4 e5 2. Nf3 Nc6 3. Bb5 a6 4. Bxc6 dxc6 5. d4 exd4 6. Qxd4 Qxd4 7. Nxd4 Bd7
8. Nc3 O-O-O 9. Be3 Bd6 10. O-O-O Ne7 11. Nb3 Ng6 12. Bc5 Bf4+ 13. Kb1 b6 14.
Bd4 Bh6 15. f3 c5 16. Bf2 Bc6 17. Rxd8+ Rxd8 18. Re1 Bg5 19. Be3 h6 20. Kc1 Nh4
21. Bxg5 hxg5 22. Re2 Ng6 23. Nd1 Rh8 24. h3 Nf4 25. Rf2 Bd7 26. Ne3 Be6 27. Kd1
a5 28. Ke1 a4 29. Nc1 a3 30. b3 b5 31. Rd2 c4 32. bxc4 Bxc4 33. Nxc4 bxc4 34.
Kf2 Rh6 35. Rd4 Rc6 36. g3 Ne6 37. Rd2 Rb6 38. Ne2 Rb2 39. Nc3 c5 40. Ke2 Nd4+
41. Kd1 Rb6 42. Rf2 Rh6 43. Nd5 Rxh3 44. c3 Rh1+ 45. Kd2 Nb3+ 46. Ke3 Kb7 47. f4
Re1+ 48. Kf3 gxf4 49. gxf4 Rd1 50. Kg4 Rd2 51. Rxd2 Nxd2 52. e5 Kc6 53. Ne3 Ne4
54. Nd1 Kd5 55. Ne3+ Ke6 56. Nd1 f5+ 57. Kh5 Ng3+ 58. Kg5 Ne2 59. Ne3 Nxc3 60.
Nxc4 Nxa2 61. Nxa3 Nc3 62. Nc4 Nd5 63. Nd6 Ne7 64. Nc4 Kd5 65. Ne3+ Ke4 66. Nc4
Kd4 67. Nd6 c4 68. e6 Kd5 69. Nxf5 Nxf5 70. Kxf5 Kd6 0-1

[Event "13th EICC"]
[Site "Plovdiv BUL"]
[Date "2012.03.20"]
[Round "1.76"]
[White "Pashikian, Arman"]
[Black "Braun, Christian2"]
[Result "1-0"]
[WhiteTitle "GM"]
[BlackTitle "FM"]
[WhiteElo "2618"]
[BlackElo "2372"]
[WhiteFideId "13301578"]
[BlackFideId "4692098"]
[EventDate "2012.03.20"]
[EventType "swiss"]

1. d4 Nf6 2. c4 g6 3. Nc3 Bg7 4. e4 d6 5. Nf3 O-O 6. h3 e5 7. d5 a5 8. g4 Na6 9.
Be3 Nd7 10. Rg1 Ndc5 11. Nd2 Bd7 12. a3 Kh8 13. g5 f5 14. f3 c6 15. h4 h5 16. b3
cxd5 17. cxd5 b5 18. exf5 Bxf5 19. Bxb5 e4 20. Ndxe4 Bxe4 21. Nxe4 Qe7 22. Rc1
Nxe4 23. fxe4 Qxe4 24. Qd3 Qxh4+ 25. Kd1 Qh3 26. Bd2 Qxd3 27. Bxd3 Bd4 28. Rh1
Kg7 29. Rh4 Be5 30. b4 axb4 31. axb4 Rf7 32. Rhc4 Raa7 33. Rc6 Nc7 34. b5 Rb7
35. Rb1 Re7 36. Bc4 h4 37. b6 h3 38. Kc2 h2 39. Be3 Na8 40. Ba6 Rb8 41. Rh1 Bg3
42. Bd4+ Be5 43. Bxe5+ Rxe5 44. b7 Rxd5 45. Rc8 Rc5+ 46. Kd2 1-0

[Event "13th EICC"]
[Site "Plovdiv BUL"]
[Date "2012.03.20"]
[Round "1.77"]
[White "Filev, Georgi"]
[Black "Andriasian, Zaven"]
[Result "0-1"]
[WhiteTitle "FM"]
[BlackTitle "GM"]
[WhiteElo "2372"]
[BlackElo "2616"]
[WhiteFideId "2907500"]
[BlackFideId "13302000"]
[EventDate "2012.03.20"]
[EventType "swiss"]

1. e4 g6 2. d4 c6 3. Nc3 Bg7 4. h3 d6 5. Nf3 b5 6. Bd3 Nd7 7. O-O Bb7 8. Ne2 e5
9. c3 Ngf6 10. Ng3 O-O 11. Re1 a6 12. a4 Re8 13. dxe5 dxe5 14. Be3 Qc7 15. Qe2
Nf8 16. Nd2 Ne6 17. Nb3 Nf4 18. Qc2 Nxd3 19. Qxd3 Rad8 20. Qe2 Nd7 21. Nc5 Bc8
22. a5 Bf8 23. Nxd7 Rxd7 24. Bb6 Qd6 25. Rad1 Qf6 26. Qe3 Qf4 27. Rxd7 Bxd7 28.
b4 h5 29. Qd3 Be6 30. Rd1 Be7 31. Be3 Qf6 32. Qe2 Rc8 33. Bc5 Bxc5 34. bxc5 Rd8
35. Rd2 Qe7 36. Qd1 Rxd2 37. Qxd2 Kh7 38. Qe3 Qd8 39. Kh2 Qxa5 40. Qg5 Qc7 41.
Nf5 Bxf5 42. exf5 e4+ 43. g3 a5 44. Qf6 a4 45. Qd6 Qb7 46. g4 hxg4 47. hxg4 a3
48. Kg2 a2 49. Qd8 a1=Q 50. Qh4+ Kg8 51. Qd8+ Kg7 52. f6+ Kh6 53. Qd6 Qxc3 0-1

[Event "13th EICC"]
[Site "Plovdiv BUL"]
[Date "2012.03.20"]
[Round "1.78"]
[White "Guseinov, Gadir"]
[Black "Erturan, Yakup"]
[Result "1-0"]
[WhiteTitle "GM"]
[BlackTitle "IM"]
[WhiteElo "2616"]
[BlackElo "2370"]
[WhiteFideId "13401378"]
[BlackFideId "6301410"]
[EventDate "2012.03.20"]
[EventType "swiss"]

1. e4 e6 2. d4 d5 3. Nc3 Bb4 4. e5 b6 5. h4 h5 6. Nf3 Ne7 7. a3 Bxc3+ 8. bxc3
Ba6 9. Bxa6 Nxa6 10. Bg5 Nb8 11. Rh3 Qd7 12. Bxe7 Qxe7 13. Rg3 f5 14. c4 dxc4
15. Qe2 b5 16. a4 c6 17. Ng5 a5 18. Rb1 Qd7 19. axb5 cxb5 20. d5 exd5 21. e6 Qc6
22. Qe5 Na6 23. Nf7 Rg8 24. Rxb5 Nc7 25. Rb7 1-0

[Event "13th EICC"]
[Site "Plovdiv BUL"]
[Date "2012.03.20"]
[Round "1.79"]
[White "Nenezic, Marko"]
[Black "Lupulescu, Constantin"]
[Result "0-1"]
[BlackTitle "GM"]
[WhiteElo "2370"]
[BlackElo "2616"]
[WhiteFideId "912123"]
[BlackFideId "1207822"]
[EventDate "2012.03.20"]
[EventType "swiss"]

1. d4 Nf6 2. c4 g6 3. Nc3 d5 4. Nf3 Bg7 5. Bf4 O-O 6. e3 c5 7. dxc5 Ne4 8. Rc1
Nd7 9. cxd5 Qa5 10. Nd4 Nxc3 11. bxc3 Nxc5 12. Bc4 e5 13. dxe6 Bxe6 14. Bxe6
Nxe6 15. Nxe6 Bxc3+ 16. Kf1 fxe6 17. Qb3 Qa6+ 18. Kg1 Bg7 19. h4 Rad8 20. Kh2
Rd3 21. Qc4 Qxc4 22. Rxc4 Rfd8 23. Ra4 a6 24. Rb1 R8d7 25. Rb6 e5 26. Bg3 R3d6
27. Rab4 Rxb6 28. Rxb6 Kf7 29. Kh3 Bf6 30. Kg4 Bd8 31. Rb4 Ke6 32. h5 gxh5+ 33.
Kxh5 b5 34. Kh6 Be7 35. Re4 Bf8+ 36. Kg5 Bd6 37. f3 a5 38. Kh6 Kd5 39. Rg4 b4
40. Be1 Bf8+ 41. Kh5 Rg7 42. Rxg7 Bxg7 43. e4+ Kc4 44. f4 a4 45. Bd2 a3 46. f5
b3 47. axb3+ Kxb3 48. Bh6 Bh8 0-1

[Event "13th EICC"]
[Site "Plovdiv BUL"]
[Date "2012.03.20"]
[Round "1.81"]
[White "Alekseenko, Kirill"]
[Black "Buhmann, Rainer"]
[Result "1/2-1/2"]
[WhiteTitle "FM"]
[BlackTitle "GM"]
[WhiteElo "2367"]
[BlackElo "2614"]
[WhiteFideId "4135539"]
[BlackFideId "4651340"]
[EventDate "2012.03.20"]
[EventType "swiss"]

1. e4 c6 2. d4 d5 3. exd5 cxd5 4. Bd3 Nc6 5. c3 Nf6 6. h3 g6 7. Nf3 Bg7 8. O-O
O-O 9. Bf4 Nh5 10. Bh2 Bh6 11. Re1 Bf4 12. Nbd2 Bxh2+ 13. Nxh2 Qd6 14. b4 Bd7
15. a4 Rae8 16. b5 Na5 17. Nb3 Nc4 18. Bxc4 dxc4 19. Nd2 Be6 20. Ng4 Nf4 21. Qf3
Nd3 22. Re3 Bd5 23. Qg3 Qxg3 24. fxg3 f5 25. Nf2 f4 26. gxf4 Nxf4 27. g3 Nh5 28.
Ng4 Nf6 29. Ne5 Rc8 30. Rf1 a6 31. b6 Rfd8 32. Ng4 Nxg4 33. hxg4 e6 34. a5 Rf8
35. Re5 Rf7 36. Ne4 Rcf8 37. Rxf7 Rxf7 38. Nc5 Rf3 39. Nxe6 Bxe6 40. Rxe6 Kf7
41. Rc6 Rxc3 42. Rc7+ Ke6 43. Rxb7 Ra3 44. Rb8 Kd7 45. Rh8 c3 46. Rxh7+ Kd6 47.
Kf2 c2 48. Rc7 Rxa5 49. Rxc2 Rb5 50. Ra2 Rxb6 51. Ke3 Kc7 52. Ke4 Re6+ 53. Kd5
Kd7 54. g5 Rd6+ 55. Ke5 Re6+ 56. Kf4 Rd6 57. Ke4 Re6+ 58. Kd3 Rb6 59. Ke4 Re6+
60. Kf4 Rd6 1/2-1/2

[Event "13th EICC"]
[Site "Plovdiv BUL"]
[Date "2012.03.20"]
[Round "1.83"]
[White "Grandadam, Nicolas"]
[Black "Parligras, Mircea-Emilian"]
[Result "0-1"]
[WhiteTitle "FM"]
[BlackTitle "GM"]
[WhiteElo "2361"]
[BlackElo "2614"]
[WhiteFideId "681806"]
[BlackFideId "1204297"]
[EventDate "2012.03.20"]
[EventType "swiss"]

1. Nf3 c5 2. c4 Nf6 3. d4 cxd4 4. Nxd4 a6 5. Nc3 e6 6. g3 Qc7 7. Bg5 Bb4 8. Qb3
Bc5 9. O-O-O Nc6 10. Bxf6 gxf6 11. e3 Be7 12. Kb1 Na5 13. Qa4 b6 14. Bd3 Bb7 15.
Rhe1 Rc8 16. Nde2 Bc6 17. Qc2 Bf3 18. Rc1 Nxc4 19. Nd4 Bb7 20. Ncb5 axb5 21.
Nxb5 Qe5 0-1

[Event "13th EICC"]
[Site "Plovdiv BUL"]
[Date "2012.03.20"]
[Round "1.85"]
[White "Petenyi, Tamas"]
[Black "L'Ami, Erwin"]
[Result "0-1"]
[WhiteTitle "FM"]
[BlackTitle "GM"]
[WhiteElo "2359"]
[BlackElo "2611"]
[WhiteFideId "14909090"]
[BlackFideId "1007998"]
[EventDate "2012.03.20"]
[EventType "swiss"]

1. e4 c6 2. d4 d5 3. e5 Bf5 4. Nc3 e6 5. g4 Bg6 6. Nge2 Be7 7. Ng3 Nd7 8. Be3
Qb6 9. Rb1 f6 10. exf6 gxf6 11. Bg2 Bd6 12. O-O Ne7 13. f4 f5 14. g5 h6 15. h4
hxg5 16. hxg5 Kf7 17. Nce2 Bh5 18. Nxh5 Rxh5 19. Ng3 Rh4 20. Qd2 Qc7 21. Rf3
Rah8 22. Rbf1 Nf8 23. Ne2 Nfg6 24. Kf2 Nc8 25. Ke1 Bf8 26. Bf2 Rh2 27. Rg1 Nd6
28. c3 Ne4 29. Qc2 Bd6 30. Bg3 Nxg3 31. Nxg3 Nh4 32. g6+ Kg7 33. Rf2 Bxf4 34.
Nf1 Bg3 35. Nxh2 Bxf2+ 36. Kxf2 Qxh2 37. Qb3 Qc7 38. c4 Nxg2 39. Rxg2 Qf4+ 40.
Ke2 Qe4+ 41. Kf2 Qxd4+ 42. Ke2 Qxc4+ 0-1

[Event "13th EICC"]
[Site "Plovdiv BUL"]
[Date "2012.03.20"]
[Round "1.86"]
[White "Kempinski, Robert"]
[Black "Dragomirescu, Robin-Alexandru"]
[Result "1-0"]
[WhiteTitle "GM"]
[BlackTitle "IM"]
[WhiteElo "2610"]
[BlackElo "2358"]
[WhiteFideId "1105663"]
[BlackFideId "1213849"]
[EventDate "2012.03.20"]
[EventType "swiss"]

1. d4 Nf6 2. c4 g6 3. g3 c5 4. d5 b5 5. cxb5 a6 6. bxa6 Nxa6 7. Nc3 Bg7 8. Bg2
d6 9. Nf3 O-O 10. O-O Bf5 11. Nh4 Bd7 12. Rb1 Qa5 13. Bd2 Rfb8 14. a3 Ng4 15.
Nf3 c4 16. h3 Nf6 17. Nd4 Qc7 18. Nc6 Bxc6 19. dxc6 Rd8 20. Bg5 e6 21. Qd4 Ne8
22. Qxc4 Rdc8 23. Bf4 1-0

[Event "13th EICC"]
[Site "Plovdiv BUL"]
[Date "2012.03.20"]
[Round "1.87"]
[White "Antal, Tibor Kende"]
[Black "Sjugirov, Sanan"]
[Result "0-1"]
[WhiteTitle "FM"]
[BlackTitle "GM"]
[WhiteElo "2352"]
[BlackElo "2610"]
[WhiteFideId "738581"]
[BlackFideId "4189302"]
[EventDate "2012.03.20"]
[EventType "swiss"]

1. e4 c6 2. d4 d5 3. e5 Bf5 4. Nd2 e6 5. Nb3 Nd7 6. Nf3 Bg6 7. Be2 Ne7 8. O-O
Nf5 9. g4 Nh4 10. Nxh4 Qxh4 11. f4 h5 12. g5 f6 13. Bd3 Bxd3 14. Qxd3 O-O-O 15.
Qg3 Qg4 16. Qxg4 hxg4 17. Bd2 f5 18. Kg2 c5 19. c3 Be7 20. Rae1 Rh5 21. Re3 Rdh8
22. Rh1 b6 23. Rg3 Nf8 24. Be3 Ng6 25. Nd2 cxd4 26. cxd4 Rh3 27. Rc1+ Kd7 28.
Nf1 Nh4+ 29. Kh1 Nf3 30. Rxh3 Rxh3 31. Bf2 Bb4 32. Rc2 b5 33. Re2 Ba5 34. Kg2
Bb6 35. Re3 a5 36. b3 a4 37. g6 Rh6 38. bxa4 bxa4 39. Ra3 Rxg6 40. Rxa4 Rh6 41.
Rb4 Kc6 42. Kh1 Rh8 43. Kg2 g5 44. fxg5 Nxg5 45. Nd2 Ba5 46. Rb2 Bxd2 47. Rxd2
Rxh2+ 48. Kxh2 Nf3+ 49. Kg3 Nxd2 50. Be1 Nf3 51. Bf2 Kb5 52. Kf4 Kb4 53. Ke3 Ka3
54. Kd3 Kxa2 0-1

[Event "13th EICC"]
[Site "Plovdiv BUL"]
[Date "2012.03.20"]
[Round "1.88"]
[White "Smeets, Jan"]
[Black "Tate, Alan"]
[Result "1/2-1/2"]
[WhiteTitle "GM"]
[BlackTitle "FM"]
[WhiteElo "2610"]
[BlackElo "2350"]
[WhiteFideId "1007246"]
[BlackFideId "2401878"]
[EventDate "2012.03.20"]
[EventType "swiss"]

1. e4 c6 2. d4 d5 3. e5 Bf5 4. c3 e6 5. Be3 Ne7 6. Nd2 Bg6 7. f4 Nf5 8. Bf2 h5
9. g3 Nd7 10. Ngf3 Be7 11. Be2 Qb6 12. Qb3 a5 13. Qxb6 Nxb6 14. a4 Nd7 15. Kf1
f6 16. h3 O-O-O 17. Kg2 Nh6 18. Rae1 Rde8 19. Nh2 fxe5 20. fxe5 Ref8 21. Ref1
Nf7 22. g4 Ng5 23. Be3 h4 24. Nhf3 Nxf3 25. Nxf3 Be4 26. Kh2 g5 27. Nxg5 Bxh1
28. Kxh1 Rxf1+ 29. Bxf1 Nf8 30. Kg2 Kd7 31. Bd3 Ke8 32. Kf2 Rg8 33. Nf3 Kf7 34.
c4 dxc4 35. Bxc4 Nd7 36. b3 Nb6 37. Bd3 Nd5 38. Bd2 Nb4 39. Be4 1/2-1/2